000 01540cam a2200361 a 4500
001 13994685
003 NUST
005 20220816145327.0
008 030530s2002 pk a 000 0 urdo
010 _a 2003343092
025 _aP-U-2003343092; 07; 08
035 _a(DLC) 2003343092
040 _aDLC
_cDLC
041 0 _aurd
_aeng
042 _alcode
043 _aa-pk---
050 0 0 _aDS384
_b.A7877 2002
082 _a355.1009549
_bMAQ
100 1 _aArshad, Maqbūl.
_95243
245 1 0 _aPākistān men̲ faujī bag̲h̲āvaten̲ :
_bjarnailon̲ aūr faujī afsaron̲ ... /
_cMaqbūl Arshad.
260 _aLāhaur :
_bFaikṭ Pablisharz,
_c2002.
300 _a232, 21 p. :
_bill. ;
_c22 cm.
520 _aHistorical study of conspiracies of rebellion by Pakistan Army officers against democratic governments in Pakistan; includes interviews of officers.
546 _aIn Urdu; some in English.
610 1 0 _aPakistan.
_bArmy
_xPolitical activity.
_92383
651 0 _aPakistan
_xPolitics and government.
_9206
880 _6100-01\(3\r
_aمقبول ارشد
880 _6245-02\(3\r
_aپاکستان میں ناکام فوجی بغاوتیں:
_bجرنیلوں اور فوجی افسروں کی طرف سے جمہوری حکومتوں کا تختہ الٹنے کی سازشوں کی داستان
_cمقبول ارشد
880 _6260-03\(3\r
_aلاہور:
_bفیکٹ پبلی کیشنز،
_c2002
906 _a7
_bcbc
_corigode
_d3
_encip
_f20
_gy-gencatlg
942 _2ddc
_cBK
999 _c331578
_d331578